Statistics for May 18th: Birthdays

Click here to take the quiz!

General Stats

  • This quiz has been taken 5 times
  • The average score is 2 of 9

Answer Stats

YearClueAnswer% Correct
1868Tsar of RussiaNicholas II
100%
1920Roman Catholic PopeJohn Paul II
60%
1897Director of It Happened One NightFrank Capra
40%
1872Won the Nobel Prize in 1950Bertrand Russell
20%
1960NHL right wing for the Edmonton OilersJari Kurri
0%
194614-time All Star in BaseballReggie Jackson
0%
1970Actress in Saturday Night LiveTina Fey
0%
1960Won French Open 1983Yannick Noah
0%
1955Actor in Better TomorrowYun Chow
0%

Score Distribution

Percentile by Number Answered

Percent of People with Each Score

Your Score History

You have not taken this quiz